000 01171nam a22003377a 4500
003 CHAP
005 20220329141728.0
008 971013s1980 r 00010 d
010 _a72922
011 _a73894
035 _a83452
040 _cCHAP
090 _aTesis
100 0 0 _aCantú Garza, Juan Manuel.
_918504
245 _aEstimación de la lluvia efectiva en la región fisiográfica Llanura Costera del Golfo del Estado de Nuevo León
260 _aMonterrey, N. L. :
_bEl autor,
_c1980
300 _a304 h.
_b: mapas
502 _aTesis (Ing. Agr. Fitotecnista) -- Univ. Autónoma de Nuevo León. Fac. de Agronomía
590 _aALEPH
_b10
_c20130110
_lUCH01
_h1414
590 _aBATCH-UPD
_b10
_c20130110
_lUCH01
_h0327
590 _aBATCH-UPD
_b10
_c20130410
_lUCH01
_h0000
590 _aBATCH-UPD
_b10
_c20130410
_lUCH01
_h1548
590 _aBATCH-UPD
_b10
_c20130914
_lUCH01
_h0834
590 _aCONVERSION
_b10
_c20130109
_lUCH01
_h1340
650 1 4 _aLluvia
_xEfecto en agricultura.
_967320
650 1 4 _aLluvia
_xMedición.
_967325
650 1 4 _aLluvia
_xNuevo León.
_967331
901 _aBK
942 _cTESIS
949 _bBC
_cTES
_d-38031
_eTS1
_i83452
_si
999 _c72922
_d72922